Normal view
MARC view
- Brodie, Peter R.,
Entry Personal Name
001 - CONTROL NUMBER
- control field: 26621
003 - CONTROL NUMBER IDENTIFIER
- control field: NUST
005 - DATE AND TIME OF LATEST TRANSACTION
- control field: 20191209131556.0
008 - FIXED-LENGTH DATA ELEMENTS
- fixed length control field: 191209|| aca||aabn | a|a d
040 ## - CATALOGING SOURCE
- Original cataloging agency: NUST
- Transcribing agency: NUST
100 ## - HEADING--PERSONAL NAME
- Personal name: Brodie, Peter R.,
- Dates associated with a name: 1947-
670 ## - SOURCE DATA FOUND
- Source citation: Work cat.: (NUST)0: Brodie, Peter R., 1947-, Illustrated dictionary of cargo handling /, 2010
